Coupe du Monde 2022: Les meilleurs buteurs - Statistiques

Statistiques générales
  • Ce quiz a été pris 733 fois
    647 depuis la dernière actualisation
  • Le résultat moyen est 12 sur 19
Statistiques - réponses
Réponse % Correct
France
100%
Kylian Mbappé
100%
Argentine
99%
Lionel Messi
99%
Olivier Giroud
94%
Julian Alvarez
76%
Angleterre
59%
Brésil
55%
Espagne
54%
Portugal
53%
Richarlison
50%
Alvaro Morata
46%
Marcus Rashford
46%
Gonçalo Ramos
44%
Pays-Bas
44%
Bukayo Saka
43%
Equateur
38%
Enner Valencia
35%
Cody Gakpo
34%
Aucun quiz correspondant
Distribution des résultats
% des personnes avec chaque résultat
Percentile par nombre de réponses
Votre historique - résultats
Vous n’avez pas pris ce quiz depuis la dernière actualisation